000 00848nam a22001817a 4500
999 _c64033
_d64033
003 Ge_BSU
005 20260313111024.0
008 260313s1938 ge ||||| |||| 00| 0 geo d
041 _ageo
080 _a330.1(09) რ-75
100 _aროზენბერგი, დ.
_927127
245 _aპოლიტიკური ეკონომიის ისტორია :
_b ნაწ. 1 /
_c დ. როზენბერგი.
264 _aთბილისი :
_bსახელგამის სამეცნ.-პედ. სექტორი,
_c1938.
300 _a384 გვ. :
_b25 სმ.
504 _aბიბლიოგრაფია: გვ. 379-381 და შენიშვნებში.
653 _aპოლიტიკური ეკონომიის ისტორია
942 _2udc
_cᲬᲘᲒᲜᲘ